• 首页
  • 本馆介绍
  • 公告通知
  • 最新文献
  • 馆藏检索
  • 电子资源
  • 读者导购
  • 参考咨询
  • 我的图书馆
  • 登录
  • 详细信息显示
  • 放入我的书架
  • 预约/预借图书
  • 作者相关作品
  • 分类相关作品
  • 丛书相关作品
  • 出版社相关作品

书目信息

  • 表格格式
  • 工作单格式
  • 卡片格式
题名:
投入产出分析
    
 
作者: 夏明 , 张红霞 编著
分册:  
出版信息: 北京   中国人民大学出版社  2013
页数: 470页
开本: 26cm
丛书名:
单 册:
中图分类: F223
科图分类:
主题词: 投入产出分析--高等学校--教材 , 投入产出分析
电子资源:
ISBN: 978-7-300-17078-7
000 01090nam0 2200277 450
001 5
005 20140908163220.93
010    @a978-7-300-17078-7@dCNY49.80
100    @a20130529d2013 em y0chiy50 ea
101 0  @achi
102    @aCN@b110000
105    @ay z 001yy
106    @ar
200 1  @a投入产出分析@e理论、方法与数据@dInput-output analysis@etheories, methods and applications@f夏明,张红霞编著@zeng
210    @a北京@c中国人民大学出版社@d2013
215    @a470页@d26cm
300    @a中国人民大学经济学系列教材/杨瑞龙主编
330    @a本书介绍了投入产出中的矩阵理论、静态均衡及其有效性、动态列昂惕夫体系、多部门最优增长、斯拉法-列昂惕夫体系、产业关联模型的扩展、投入产出对称分析、人口与教育投入产出模型、可计算的一般均衡分析、能源与环境的投入产出分析、核算框架与供给使用表等。
510 1  @aInput-output analysis@etheories, methods and applications@zeng
606 0  @a投入产出分析@x高等学校@j教材
606 0  @a投入产出分析
690    @aF223@v5
701  0 @a夏明@4编著
701  0 @a张红霞@4编著
801  0 @aCN@bTANGWEI@c20140603
905    @b0843076-78@dF223@e407@f3
    
    投入产出分析:理论、方法与数据=Input-output analysis:theories, methods and applications/夏明,张红霞编著.-北京:中国人民大学出版社,2013
    470页;26cm
    中国人民大学经济学系列教材/杨瑞龙主编
    
    ISBN 978-7-300-17078-7:CNY49.80
    本书介绍了投入产出中的矩阵理论、静态均衡及其有效性、动态列昂惕夫体系、多部门最优增长、斯拉法-列昂惕夫体系、产业关联模型的扩展、投入产出对称分析、人口与教育投入产出模型、可计算的一般均衡分析、能源与环境的投入产出分析、核算框架与供给使用表等。
●
相关链接 在E读中查询图书 在五车中查询图书 在当当中查询图书 在豆瓣中查询图书


正题名:投入产出分析     索取号:F223/407         预约/预借

序号 登录号 条形码 馆藏地/架位号 状态 备注
1 0843076   208430768   第一样本阅览室/ [索取号:F223/407] 在馆    
2 0843077   208430777   密集书库-海洋学院/ [索取号:F223/407] 在馆    
3 0843078   208430786   第一借阅区/ [索取号:F223/407] 在馆    
唐山师范学院图书馆 欢迎您!
大连网信软件有限公司© 版权所有